| 000 | 00520nam a2200193Ia 4500 | ||
|---|---|---|---|
| 003 | OSt | ||
| 005 | 20230509114338.0 | ||
| 008 | 210423s2009 xx 000 0 und d | ||
| 040 | _cAL | ||
| 041 | _aeng | ||
| 082 |
_a574.87322 _223 _b ATLR |
||
| 100 |
_aATLAS (Ronald M);BARTHA (Richard). _9100656 |
||
| 245 | _aMicrobial ecology: fundamentals and applications. | ||
| 260 |
_aNew Delhi _bPearson Education Pvt Ltd _c2009 |
||
| 300 | _a704 | ||
| 365 |
_b425 _cINR |
||
| 906 | _aecology ; Microbial | ||
| 942 |
_2ddc _cBK |
||
| 999 |
_c164007 _d164007 |
||